[Event "Barcelona CM 02"]
[Site "Barcelona"]
[Date "2021.02.13"]
[Round "7"]
[White "Puga Sanchez, Miguel"]
[Black "Marches Rios, Joan Manuel"]
[Result "1-0"]
[WhiteElo "2120"]
[BlackElo "2057"]
[PlyCount "41"]
[EventDate "2021.02.07"]
[EventType "tourn"]
[EventRounds "9"]
[EventCountry "ESP"]
[SourceTitle "EXT 2022"]
[Source "ChessBase"]
[SourceDate "2021.10.06"]
[SourceVersion "1"]
[SourceVersionDate "2021.10.06"]
[SourceQuality "1"]

1. d4 d5 2. Bf4 Nf6 3. e3 e6 4. Bd3 Bd6 5. Bxd6 Qxd6 6. Nd2 c5 7. c3 Nc6 8. f4 cxd4 9. cxd4 Bd7 10. Ngf3 Nb4 11. Bb1 Bb5 12. Ne5 Qa6 13. Qb3 Rc8 14. Qxb4 Rc1+ 15. Kf2 Rxh1 16. Bd3 Bxd3 17. Rxh1 Nd7 18. Rc1 Nxe5 19. fxe5 Kd7 20. Nb3 Rc8 21. Rxc8 1-0

[Event "Pontevedra op 7th"]
[Site "Pontevedra"]
[Date "2019.08.14"]
[Round "9"]
[White "Gonzalez Regueiro, Rodrigo"]
[Black "Puga Sanchez, Miguel"]
[Result "0-1"]
[WhiteElo "1941"]
[BlackElo "2093"]
[PlyCount "102"]
[EventDate "2019.08.08"]
[EventType "swiss"]
[EventRounds "9"]
[EventCountry "ESP"]
[SourceTitle "EXT 2020"]
[Source "ChessBase"]
[SourceDate "2019.10.17"]
[SourceVersion "1"]
[SourceVersionDate "2019.10.17"]
[SourceQuality "1"]

1. e4 c5 2. Nf3 d6 3. d4 cxd4 4. Nxd4 Nf6 5. Nc3 a6 6. Bd3 e5 7. Nde2 Be7 8. 0-0 0-0 9. Ng3 Be6 10. Nd5 Nbd7 11. Be2 Rc8 12. c4 Nc5 13. f3 b5 14. b3 Bxd5 15. cxd5 Qd7 16. Nf5 Bd8 17. Qe1 Kh8 18. g4 a5 19. Kh1 g6 20. Bh6 Rg8 21. Ne3 Re8 22. Ng2 Ng8 23. Bd2 Ra8 24. Ne3 Bg5 25. Rg1 Reb8 26. h4 Bf4 27. Nf1 f5 28. Bxf4 exf4 29. Qc3+ Qg7 30. Qxg7+ Kxg7 31. gxf5 Nf6 32. Rg5 Nfd7 33. Nh2 Ne5 34. Rag1 b4 35. h5 a4 36. fxg6 hxg6 37. Rxe5 dxe5 38. Rxg6+ Kh7 39. Bc4 axb3 40. axb3 Ra3 41. Ng4 Nxb3 42. Nf6+ Kh8 43. h6 Rf8 44. d6 Nd2 45. h7 Rxf6 46. Rxf6 Ra8 47. d7 Rd8 48. Be6 b3 49. Bxb3 Nxb3 50. Rf7 Nc5 51. Kg2 Rxd7 0-1

[Event "Pontevedra op 7th"]
[Site "Pontevedra"]
[Date "2019.08.12"]
[Round "7"]
[White "Garcia Sobrino, David"]
[Black "Puga Sanchez, Miguel"]
[Result "1-0"]
[WhiteElo "2195"]
[BlackElo "2093"]
[PlyCount "73"]
[EventDate "2019.08.08"]
[EventType "swiss"]
[EventRounds "9"]
[EventCountry "ESP"]
[SourceTitle "EXT 2020"]
[Source "ChessBase"]
[SourceDate "2019.10.17"]
[SourceVersion "1"]
[SourceVersionDate "2019.10.17"]
[SourceQuality "1"]

1. e4 c5 2. Nf3 d6 3. Bb5+ Nd7 4. 0-0 Ngf6 5. Re1 e5 6. c3 Be7 7. d4 Qc7 8. Nbd2 cxd4 9. cxd4 a6 10. Bd3 0-0 11. Nf1 exd4 12. Nxd4 Nc5 13. Bc2 Re8 14. Ng3 g6 15. b4 Ne6 16. Bb2 Nxd4 17. Bxd4 Be6 18. Rc1 Rac8 19. Qd2 b5 20. Nf5 Qd8 21. Nxe7+ Qxe7 22. Bd3 Nd7 23. f4 Bc4 24. Bxc4 Rxc4 25. Rxc4 bxc4 26. Bc3 Qe6 27. Qd4 f6 28. f5 gxf5 29. exf5 Qf7 30. Rxe8+ Qxe8 31. Qxc4+ Kg7 32. Qe6 Qh5 33. Qxd7+ Kg8 34. Qe6+ Kf8 35. Qxd6+ Kf7 36. Qd7+ Kf8 37. Bxf6 1-0

[Event "Pontevedra op 7th"]
[Site "Pontevedra"]
[Date "2019.08.11"]
[Round "5"]
[White "Krutti, Valer"]
[Black "Puga Sanchez, Miguel"]
[Result "1-0"]
[WhiteElo "2297"]
[BlackElo "2093"]
[PlyCount "119"]
[EventDate "2019.08.08"]
[EventType "swiss"]
[EventRounds "9"]
[EventCountry "ESP"]
[SourceTitle "EXT 2020"]
[Source "ChessBase"]
[SourceDate "2019.10.17"]
[SourceVersion "1"]
[SourceVersionDate "2019.10.17"]
[SourceQuality "1"]

1. d4 Nf6 2. Nf3 e6 3. g3 Be7 4. Bg2 0-0 5. 0-0 d5 6. c4 Nbd7 7. Qc2 c6 8. b3 b6 9. Rd1 Bb7 10. Nc3 Rc8 11. e4 dxe4 12. Nxe4 c5 13. Nxf6+ Bxf6 14. Ng5 Bxg5 15. Bxb7 Rc7 16. dxc5 Bxc1 17. Raxc1 Rxb7 18. c6 Rc7 19. cxd7 Rxd7 20. Rxd7 Qxd7 21. Rd1 Qe7 22. Qd3 Qa3 23. Rd2 Qa5 24. Qd7 Qe5 25. Qd4 Qa5 26. Kg2 Qa3 27. Qd6 Qc1 28. Rd3 Qe1 29. Re3 Qa5 30. a4 Qc5 31. Rd3 g6 32. h4 Qf5 33. Rf3 Qc5 34. Qd7 a5 35. Qb7 h5 36. Qd7 Qe5 37. Re3 Qc5 38. Qd1 Qc6+ 39. Kg1 Qc5 40. Qd2 Qf5 41. Kg2 Qc5 42. Rd3 Qf5 43. Rd6 Qc5 44. Kg1 Rb8 45. Rd7 Qe5 46. Kh2 Qf5 47. Rd8+ Rxd8 48. Qxd8+ Kh7 49. Qxb6 Qc2 50. Qe3 Kg8 51. Kg2 Kh7 52. c5 Kg8 53. Kh2 Kh7 54. Kg2 Kg8 55. Qd4 Qxb3 56. c6 Qc2 57. Qb6 Qe4+ 58. Kg1 Qe1+ 59. Kh2 Kh7 60. Qc5 1-0

[Event "Pontevedra op 7th"]
[Site "Pontevedra"]
[Date "2019.08.09"]
[Round "2"]
[White "Puga Sanchez, Miguel"]
[Black "Hernandez Castro, Julio Cesar"]
[Result "1-0"]
[WhiteElo "2093"]
[BlackElo "1834"]
[PlyCount "79"]
[EventDate "2019.08.08"]
[EventType "swiss"]
[EventRounds "9"]
[EventCountry "ESP"]
[SourceTitle "EXT 2020"]
[Source "ChessBase"]
[SourceDate "2019.10.17"]
[SourceVersion "1"]
[SourceVersionDate "2019.10.17"]
[SourceQuality "1"]

1. e4 c5 2. Nf3 Nc6 3. g3 e6 4. Bg2 d5 5. exd5 exd5 6. 0-0 Bd6 7. d4 Nge7 8. Nbd2 0-0 9. dxc5 Bxc5 10. Nb3 Bb6 11. Nfd4 Nxd4 12. Nxd4 Nc6 13. Be3 Bxd4 14. Bxd4 Be6 15. c3 Qd7 16. Qd2 Nxd4 17. Qxd4 Rfd8 18. Rad1 Rac8 19. Rfe1 Rc4 20. Qxa7 Ra4 21. Qe3 d4 22. Qf4 d3 23. Rxd3 Qxd3 24. Qxa4 Qd2 25. Rb1 b5 26. Qxb5 Bxa2 27. Ra1 Be6 28. Bf3 Bh3 29. Qe2 Qxe2 30. Bxe2 Kf8 31. Rd1 Rb8 32. b4 Ke7 33. f3 Be6 34. Rd4 Ra8 35. b5 Ra2 36. Kf2 Rc2 37. c4 Kf6 38. Ke3 Ke5 39. f4+ Kf6 40. b6 1-0

[Event "Pontevedra op 7th"]
[Site "Pontevedra"]
[Date "2019.08.08"]
[Round "1"]
[White "Pulvett Marin, Daniel Eduardo"]
[Black "Puga Sanchez, Miguel"]
[Result "1-0"]
[WhiteElo "2473"]
[BlackElo "2093"]
[PlyCount "65"]
[EventDate "2019.08.08"]
[EventType "swiss"]
[EventRounds "9"]
[EventCountry "ESP"]
[SourceTitle "CBM 191 Extra"]
[Source "ChessBase"]
[SourceDate "2019.09.30"]
[SourceVersion "1"]
[SourceVersionDate "2019.09.30"]
[SourceQuality "1"]

1. d4 Nf6 2. c4 e6 3. Nf3 Bb4+ 4. Nbd2 b6 5. a3 Bxd2+ 6. Qxd2 Bb7 7. g3 0-0 8. Bg2 d5 9. cxd5 Bxd5 10. 0-0 Nbd7 11. b4 c5 12. dxc5 bxc5 13. Bb2 Qe7 14. bxc5 Nxc5 15. Qe3 Rfc8 16. Rac1 Nb3 17. Bxf6 Qxf6 18. Rxc8+ Rxc8 19. Ne5 Nd2 20. Rd1 Nc4 21. Nxc4 Bxc4 22. Rc1 Qb2 23. Be4 Qb8 24. Rb1 Qd6 25. Bf3 a6 26. Rc1 Qc7 27. Qd4 e5 28. Qh4 Qc5 29. Be4 g6 30. Bd3 Qxa3 31. Rxc4 Re8 32. Qf6 Qb3 33. Rc7 1-0

[Event "Pontevedra op-A 6th"]
[Site "Pontevedra"]
[Date "2018.08.12"]
[Round "7"]
[White "Van der Veen, Ronald"]
[Black "Puga Sanchez, Miguel"]
[Result "1-0"]
[WhiteElo "1984"]
[BlackElo "2109"]
[PlyCount "81"]
[EventDate "2018.08.08"]
[EventType "swiss"]
[EventRounds "9"]
[EventCountry "ESP"]
[SourceTitle "EXT 2021"]
[Source "ChessBase"]
[SourceDate "2020.10.23"]
[SourceVersion "1"]
[SourceVersionDate "2020.10.23"]
[SourceQuality "1"]

1. d4 Nf6 2. c4 g6 3. Nc3 Bg7 4. e4 d6 5. h3 0-0 6. Nf3 e5 7. Be3 Re8 8. d5 a5 9. Bd3 Na6 10. 0-0 Nh5 11. Qd2 Nc5 12. Bc2 f5 13. Rad1 Bd7 14. Kh2 f4 15. Bxc5 dxc5 16. Nb5 Bf8 17. d6 c6 18. Nc7 Bh6 19. Qc3 Bg7 20. a3 h6 21. b4 b6 22. bxc5 bxc5 23. Rb1 Ra7 24. Nxe8 Qxe8 25. Qb2 Ra8 26. Qb6 Bf6 27. Qxc5 Ng7 28. Rb7 Ra6 29. a4 g5 30. Rfb1 Ne6 31. Qa3 Ra8 32. c5 h5 33. Bb3 g4 34. Nd2 Kh7 35. Bxe6 Qxe6 36. Qb3 Qe8 37. Rb8 Rxb8 38. Qxb8 Qe6 39. Rb7 f3 40. Rxd7+ Qxd7 41. Qc7 1-0

[Event "Pontevedra op-A 6th"]
[Site "Pontevedra"]
[Date "2018.08.11"]
[Round "5"]
[White "Galiana Fernandez, Adrian"]
[Black "Puga Sanchez, Miguel"]
[Result "1-0"]
[WhiteElo "2291"]
[BlackElo "2109"]
[PlyCount "75"]
[EventDate "2018.08.08"]
[EventType "swiss"]
[EventRounds "9"]
[EventCountry "ESP"]
[SourceTitle "EXT 2021"]
[Source "ChessBase"]
[SourceDate "2020.10.23"]
[SourceVersion "1"]
[SourceVersionDate "2020.10.23"]
[SourceQuality "1"]

1. e4 c5 2. Nf3 d6 3. d4 cxd4 4. Nxd4 Nf6 5. Nc3 a6 6. Be3 e5 7. Nf3 Qc7 8. a4 b6 9. Nd5 Nxd5 10. Qxd5 Bb7 11. Qb3 Nd7 12. Bc4 Nc5 13. Bxc5 bxc5 14. Ng5 d5 15. Bxd5 Bxd5 16. Qxd5 Rd8 17. Qc4 Rd4 18. Qxa6 Be7 19. Qb5+ Kf8 20. c3 Rd8 21. Nf3 g5 22. a5 Kg7 23. Qb6 Qd7 24. 0-0 f6 25. a6 Rb8 26. Qa5 Rhd8 27. a7 Ra8 28. b4 h5 29. b5 h4 30. h3 g4 31. Nxh4 gxh3 32. Nf5+ Kf7 33. Qa2+ Kg6 34. gxh3 Rh8 35. Kh2 Rxh3+ 36. Kxh3 Rh8+ 37. Kg2 Rh5 38. Qg8# 1-0

[Event "Galego-ch U18"]
[Site "Ferrol"]
[Date "2018.02.13"]
[Round "7"]
[White "Gonzalez Eiris, Daniel"]
[Black "Puga Sanchez, Miguel"]
[Result "1/2-1/2"]
[WhiteElo "1941"]
[BlackElo "2108"]
[PlyCount "96"]
[EventDate "2018.02.10"]
[EventType "swiss"]
[EventRounds "8"]
[EventCountry "ESP"]
[SourceTitle "EXT 2024"]
[Source "ChessBase"]
[SourceDate "2023.10.10"]
[SourceVersion "1"]
[SourceVersionDate "2023.10.10"]
[SourceQuality "1"]

1. e4 c5 2. Nf3 d6 3. d4 cxd4 4. Qxd4 a6 5. h3 Nc6 6. Qe3 g6 7. c4 Bg7 8. Nc3 Nf6 9. Be2 0-0 10. 0-0 Nd7 11. b3 Nc5 12. Bb2 f5 13. exf5 Bxf5 14. Qd2 Qa5 15. Rfd1 Rad8 16. Ne1 Nd4 17. Nd5 Qxd2 18. Rxd2 Nxe2+ 19. Rxe2 Bxb2 20. Rxb2 e6 21. Nc3 d5 22. g4 d4 23. gxf5 dxc3 24. Rc2 Rxf5 25. Rxc3 Rd2 26. Nf3 Rb2 27. Re3 Ne4 28. Rxe4 Rxf3 29. Rf1 Kf7 30. Re3 Rf4 31. a4 h5 32. Rd3 Kf6 33. f3 e5 34. Rd6+ Kf5 35. Rb6 Rxc4 36. Rxb7 Rxa4 37. Rf7+ Ke6 38. Rg7 Raa2 39. Rxg6+ Kf5 40. Rg8 Rxb3 41. h4 Rbb2 42. f4 e4 43. Rg5+ Kf6 44. Rc1 Ke6 45. Re5+ Kd6 46. Rxe4 Rg2+ 47. Kh1 Rh2+ 48. Kg1 Rxh4 1/2-1/2

[Event "Gallego-ch U18"]
[Site "Viveiro"]
[Date "2017.02.28"]
[Round "8"]
[White "Puga Sanchez, Miguel"]
[Black "Dominguez Fernandez, Angel I"]
[Result "1/2-1/2"]
[WhiteElo "1929"]
[BlackElo "2115"]
[PlyCount "31"]
[EventDate "2017.02.25"]
[EventType "swiss"]
[EventRounds "8"]
[EventCountry "ESP"]
[SourceTitle "EXT 2024"]
[Source "ChessBase"]
[SourceDate "2023.10.10"]
[SourceVersion "1"]
[SourceVersionDate "2023.10.10"]
[SourceQuality "1"]

1. e4 e6 2. d4 d5 3. exd5 exd5 4. Nf3 Bd6 5. Bd3 Bg4 6. c3 Nf6 7. 0-0 0-0 8. Bg5 h6 9. Bh4 Nbd7 10. Nbd2 c6 11. Qc2 Qc7 12. c4 dxc4 13. Bxc4 Rae8 14. Rfe1 b5 15. Bf1 Qb6 16. Bg3 1/2-1/2

[Event "Gallego-ch U18"]
[Site "Viveiro"]
[Date "2017.02.27"]
[Round "6"]
[White "Puga Sanchez, Miguel"]
[Black "Dorado Meijide, Andrea"]
[Result "1-0"]
[WhiteElo "1929"]
[BlackElo "1769"]
[PlyCount "51"]
[EventDate "2017.02.25"]
[EventType "swiss"]
[EventRounds "8"]
[EventCountry "ESP"]
[SourceTitle "EXT 2024"]
[Source "ChessBase"]
[SourceDate "2023.10.10"]
[SourceVersion "1"]
[SourceVersionDate "2023.10.10"]
[SourceQuality "1"]

1. e4 c5 2. Nf3 Nc6 3. g3 e6 4. Bg2 Nf6 5. d3 d5 6. Nbd2 Be7 7. 0-0 b6 8. Re1 Bb7 9. c3 Qc7 10. a3 h6 11. b4 g5 12. bxc5 bxc5 13. exd5 Nxd5 14. Bb2 g4 15. c4 gxf3 16. cxd5 Nd4 17. Bxd4 cxd4 18. Bxf3 e5 19. Nc4 f6 20. d6 Bxd6 21. Bxb7 Rb8 22. Qh5+ Ke7 23. Bd5 Rh7 24. Qf5 Qc8 25. Qxh7+ Kf8 26. Qf7# 1-0

[Event "Gallego-ch U18"]
[Site "Viveiro"]
[Date "2017.02.25"]
[Round "1"]
[White "Fraga Bouza, Jorge"]
[Black "Puga Sanchez, Miguel"]
[Result "0-1"]
[WhiteElo "1342"]
[BlackElo "1929"]
[PlyCount "96"]
[EventDate "2017.02.25"]
[EventType "swiss"]
[EventRounds "8"]
[EventCountry "ESP"]
[SourceTitle "EXT 2024"]
[Source "ChessBase"]
[SourceDate "2023.10.10"]
[SourceVersion "1"]
[SourceVersionDate "2023.10.10"]
[SourceQuality "1"]

1. e4 c5 2. Nf3 d6 3. d4 cxd4 4. Nxd4 Nf6 5. Nc3 a6 6. f3 e5 7. Nb3 Be7 8. Be3 Be6 9. Qd2 0-0 10. 0-0-0 Qc7 11. Kb1 d5 12. exd5 Nxd5 13. Nxd5 Bxd5 14. Qa5 Qxa5 15. Nxa5 Rd8 16. Bc4 Bxc4 17. Rxd8+ Bxd8 18. Nxc4 Nc6 19. Rd1 b5 20. Nb6 Bxb6 21. Bxb6 Rb8 22. Be3 Rd8 23. Rxd8+ Nxd8 24. c3 f5 25. Kc2 Kf7 26. Kd3 Nc6 27. c4 Ke6 28. Bd2 Kd6 29. cxb5 axb5 30. f4 e4+ 31. Kc3 Kd5 32. Be3 b4+ 33. Kc2 g6 34. g3 h6 35. h4 Na5 36. b3 Nc6 37. Kd2 Nd4 38. Kc1 Nb5 39. Bd2 Nc3 40. Kc2 Nxa2 41. Kb2 Nc3 42. Bxc3 bxc3+ 43. Kxc3 Kc5 44. b4+ Kd5 45. Kb3 Kd4 46. Ka4 e3 47. b5 Kc5 48. Ka5 e2 0-1

[Event "ESP-ch U16"]
[Site "Granada"]
[Date "2016.07.18"]
[Round "2"]
[White "Lianes Garcia, Marcos"]
[Black "Puga Sanchez, Miguel"]
[Result "1/2-1/2"]
[WhiteElo "2221"]
[BlackElo "1936"]
[PlyCount "83"]
[EventDate "2016.07.18"]
[EventType "swiss"]
[EventRounds "9"]
[EventCountry "ESP"]
[SourceTitle "EXT 2024"]
[Source "ChessBase"]
[SourceDate "2023.10.10"]
[SourceVersion "1"]
[SourceVersionDate "2023.10.10"]
[SourceQuality "1"]

1. e4 c5 2. Nf3 d6 3. d4 cxd4 4. Nxd4 Nf6 5. Nc3 a6 6. h3 e5 7. Nde2 b5 8. g4 Bb7 9. Bg2 b4 10. Nd5 Nxd5 11. exd5 Nd7 12. Be3 g6 13. c3 f5 14. gxf5 gxf5 15. Nd4 exd4 16. Qh5+ Ke7 17. Qxf5 Bg7 18. Qe6+ Kf8 19. Qxd6+ Qe7 20. Qxe7+ Kxe7 21. d6+ Ke6 22. Bxb7 Rab8 23. Bxa6 dxe3 24. Bc4+ Kxd6 25. 0-0-0+ Kc7 26. fxe3 bxc3 27. bxc3 Bxc3 28. Kc2 Bf6 29. Bb3 Rbe8 30. Ba4 Re7 31. Bxd7 Rxd7 32. Rxd7+ Kxd7 33. Rb1 Ke6 34. Rb7 h6 35. a4 Kf5 36. Kd3 Ra8 37. Rb4 Be5 38. Rh4 Rd8+ 39. Ke2 Kg5 40. Rg4+ Kf5 41. Rh4 Kg5 42. Rg4+ 1/2-1/2

[Event "Galego-ch U16"]
[Site "Padron"]
[Date "2016.03.22"]
[Round "7.4"]
[White "Puga Sanchez, Miguel"]
[Black "Boo Vallejo, Marcos"]
[Result "1-0"]
[WhiteElo "1908"]
[BlackElo "1915"]
[PlyCount "83"]
[EventDate "2016.03.19"]
[EventType "swiss"]
[EventRounds "8"]
[EventCountry "ESP"]
[SourceTitle "EXT 2024"]
[Source "ChessBase"]
[SourceDate "2023.10.10"]
[SourceVersion "1"]
[SourceVersionDate "2023.10.10"]
[SourceQuality "1"]

1. e4 e6 2. d4 d5 3. Nd2 h6 4. Bd3 c5 5. exd5 exd5 6. dxc5 Bxc5 7. Nb3 Bb6 8. Nf3 Nf6 9. 0-0 0-0 10. c3 Qd6 11. Nbd4 a6 12. Ne2 Nh5 13. Bc2 Nc6 14. Qd3 f5 15. Bb3 Ne7 16. Be3 Bc7 17. Rad1 Be6 18. c4 Rad8 19. c5 Qd7 20. Ned4 Bf7 21. Bc2 Bg6 22. Nh4 Bh7 23. b4 g5 24. Nhf3 Bg6 25. Qc3 f4 26. Bc1 Bxc2 27. Qxc2 Nf5 28. Nxf5 Rxf5 29. Bb2 g4 30. Nd4 Rg5 31. Rde1 Re8 32. a4 f3 33. g3 Qf7 34. Rxe8+ Qxe8 35. Bc1 Re5 36. Nf5 Re2 37. Nxh6+ Kh8 38. Qf5 Re1 39. Nf7+ Kg8 40. Qg6+ Ng7 41. Nh6+ Kf8 42. Qf6+ 1-0

[Event "Ourense Campus 2nd"]
[Site "Ourense"]
[Date "2015.07.08"]
[Round "4.10"]
[White "Puga Sanchez, Miguel"]
[Black "Medarde Santiago, Luis Marcos"]
[Result "0-1"]
[WhiteElo "1904"]
[BlackElo "2273"]
[PlyCount "64"]
[EventDate "2015.07.06"]
[EventType "swiss"]
[EventRounds "9"]
[EventCountry "ESP"]
[SourceTitle "EXT 2024"]
[Source "ChessBase"]
[SourceDate "2023.10.10"]
[SourceVersion "1"]
[SourceVersionDate "2023.10.10"]
[SourceQuality "1"]

1. e4 c5 2. Nc3 g6 3. f4 Bg7 4. Nf3 Nc6 5. Bb5 Nd4 6. Bd3 d6 7. Nxd4 cxd4 8. Ne2 Nf6 9. 0-0 0-0 10. c3 dxc3 11. dxc3 b6 12. Nd4 Bb7 13. Qe1 e5 14. Nf3 exf4 15. Bxf4 Re8 16. Bg5 Qc7 17. Qh4 Nxe4 18. Bh6 Qc5+ 19. Kh1 Bxh6 20. Qxh6 Nf2+ 21. Rxf2 Qxf2 22. Rf1 Qxb2 23. Bc4 Re7 24. Qg5 Bxf3 25. gxf3 Rae8 26. Qf6 Qd2 27. Rg1 Qh6 28. Qxd6 Re1 29. Qd5 Qf4 30. Rxe1 Rxe1+ 31. Kg2 Kg7 32. a4 Rc1 0-1

[Event "Pontevedra op 2nd"]
[Site "Pontevedra"]
[Date "2014.08.07"]
[Round "1"]
[White "Barlov, Dragan"]
[Black "Puga Sanchez, Miguel"]
[Result "1-0"]
[WhiteElo "2439"]
[BlackElo "1726"]
[PlyCount "68"]
[EventDate "2014.08.07"]
[EventType "swiss"]
[EventRounds "9"]
[EventCountry "ESP"]
[SourceTitle "CBM 162 Extra"]
[Source "ChessBase"]
[SourceDate "2014.10.17"]
[SourceVersion "1"]
[SourceVersionDate "2014.10.17"]
[SourceQuality "1"]

1. c4 e5 2. g3 Nc6 3. Bg2 Bc5 4. Nc3 a6 5. e3 Ba7 6. Nge2 d6 7. d4 h5 8. h3 Nh6 9. dxe5 Nxe5 10. Nf4 h4 11. g4 g5 12. Nd3 c6 13. Nxe5 dxe5 14. Qxd8+ Kxd8 15. Ne4 Rg8 16. b3 f5 17. gxf5 Bxf5 18. Ba3 Nf7 19. Rd1+ Kc8 20. Ke2 a5 21. Nd6+ Nxd6 22. Rxd6 Rg6 23. Rhd1 Bb8 24. Rd8+ Kc7 25. Rf8 Bc2 26. Rc1 a4 27. b4 Bb3 28. axb3 axb3 29. Bb2 Ra2 30. Rb1 Rd6 31. Be4 g4 32. hxg4 Ba7 33. g5 Bd4 34. exd4 Rxd4 1-0